BIBLIOTECA PODER JUDICIAL
Portal Judicial TDF

Verbum iuris : (Registro nro. 156)

000 -LEADER
fixed length control field 00531nam a22001577a 4500
003 - CONTROL NUMBER IDENTIFIER
control field OSt
005 - DATE AND TIME OF LATEST TRANSACTION
control field 20180604071305.0
008 - FIXED-LENGTH DATA ELEMENTS--GENERAL INFORMATION
fixed length control field 180321b xxu||||| |||| 00| 0 spa d
040 ## - CATALOGING SOURCE
Transcribing agency PJ
100 ## - ASIENTO PRINCIPAL - NOMBRE DE PERSONA
9 (RLIN) 111
Personal name Di Pietro, Alfredo
245 ## - MENCIÓN DE TÍTULO
Título propiamente dicho Verbum iuris :
Mención de responsabilidad, etc Alfredo Di Pietro.
Parte restante del título notas sobre la palabra en el derecho romano /
260 ## - PUBLICATION, DISTRIBUTION, ETC. (IMPRINT)
Place of publication, distribution, etc Buenos Aires :
Name of publisher, distributor, etc Abeledo - Perrot,
Date of publication, distribution, etc 1968.
500 ## - NOTA GENERAL
General note Citas y notas bibliográficas al pie de algunas páginas.
650 #0 - ASIENTO SECUNDARIO DE MATERIA - TERMINO TEMATICO
9 (RLIN) 177
Topical term or geographic name as entry element FILOSOFIA DEL DERECHO
942 ## - ADDED ENTRY ELEMENTS (KOHA)
Koha item type Libros
Source of classification or shelving scheme
Classification part 340.12
Item part DIP
Existencias
Withdrawn status Lost status Source of classification or shelving scheme Damaged status Not for loan Permanent Location Current Location Date acquired Total Checkouts Full call number Barcode Checked out Date last seen Date checked out Price effective from Koha item type
          Biblioteca Poder Judicial Sur Biblioteca Poder Judicial Sur 2018-03-21 1 340.12 DIP 6171 2020-02-25 2020-02-18 2020-02-18 2018-03-21 Libros

12 de Octubre 789 Ushuaia - Tel:  54(02901)441571
Horario de Atención: 8.00 a 17.00 hs. 
bibliotecaush@justierradelfuego.gov.ar
koha@justierradelfuego.gov.ar
Seguinos en nuestras redes @bibliojustdf 

Con tecnología Koha